Quiz sur l'Isère - Statistiques

Statistiques générales
  • Ce quiz a été pris 41 fois
  • Le résultat moyen est 13 sur 23
Statistiques - réponses
Hint Réponse % Correct
Quel célèbre alcool isérois porte le même nom qu'un massif montagneux? Chartreuse
100%
Dans quelle rivière se jette le Drac au niveau de la Presqu'Ile Scientifique? Isère
92%
En quelle année Grenoble a t-elle accueilli les Jeux Olympiques d'Hiver? 1968
87%
Dans quelle ville de la banlieue grenobloise se trouve le campus universitaire? Saint Martin d'Hères
82%
Dans quel stade évolue le Grenoble Foot 38 et le FCG? Stade des Alpes
77%
Quel écrivain français ayant écrit "Le Rouge et le Noir" est originaire de Grenoble? Stendhal
77%
A quelle lettre de l'alphabet ressemble l'agglomération de Grenoble vu de dessus? Y
77%
Quelle ville a un patrimoine antique connu avec son théâtre romain? Vienne
74%
Quel club historique de rugby évolue désormais en ligue Nationale? CS Bourgoin Jallieu
64%
Quel est le nom de l'équipe de Hockey de Grenoble évoluant en Ligue Magnus? Les Bruleurs de Loup
64%
Quel Youtubeur très connu est originaire de l'Isère? Mister V
64%
Dans quelle ville se trouve le village de marques Outlet ? Villefontaine
59%
Quel est le nom du réseau de transports en commun de la Métropole de Grenoble? Tag
56%
Dans quelle ville se trouve le musée de la Révolution Française, avec son Château? Vizille
56%
Quelle marque répandue de sirops a son siège social à Crolles? Teisseire
54%
Au dessus de quel lac du sud isérois peut on emprunter des passerelles himalayennes? Lac de Monteynard
49%
Quel est le nom de la vallée liant Grenoble à Chambéry? Grésivaudan
44%
Quelle est la première tour au monde construite en béton armé située à Grenoble? Tour Perret
38%
Quel est le point culminant du massif de la Chartreuse? Chamechaude
28%
Quel attaquant français ayant évolué à l'OM a été formé au Grenoble Foot 38? Florian Thauvin
28%
Quel est le nom du premier écoquartier de France ? Caserne de Bonne
26%
Quel est le nom du plateau ou se trouve la ville de La Mure? Matheysine
18%
Quel est le nom de la région ou la noix de Grenoble est très cultivée? Chambaran
3%
Aucun quiz correspondant
Distribution des résultats
% des personnes avec chaque résultat
Percentile par nombre de réponses
Votre historique - résultats
Vous n’avez pas pris ce quiz